Importancia de la atención psicológica tras el cáncer infantil: El ejemplo de la « clínica de seguimiento a largo plazo » (notice n° 1802457)
[ vue normale ]
| 000 -LEADER | |
|---|---|
| fixed length control field | 01230cam a2200181 4500500 |
| 005 - DATE AND TIME OF LATEST TRANSACTION | |
| control field | 20260329001137.0 |
| 041 ## - LANGUAGE CODE | |
| Language code of text/sound track or separate title | fre |
| 042 ## - AUTHENTICATION CODE | |
| Authentication code | dc |
| 100 10 - MAIN ENTRY--PERSONAL NAME | |
| Personal name | Rivollet, Sophie |
| Relator term | author |
| 245 00 - TITLE STATEMENT | |
| Title | Importancia de la atención psicológica tras el cáncer infantil: El ejemplo de la « clínica de seguimiento a largo plazo » |
| 260 ## - PUBLICATION, DISTRIBUTION, ETC. | |
| Date of publication, distribution, etc. | 2026.<br/> |
| 500 ## - GENERAL NOTE | |
| General note | 85 |
| 520 ## - SUMMARY, ETC. | |
| Summary, etc. | Presentamos una reflexión basada en una revisión bibliográfica y en nuestra experiencia clínica sobre los retos psicológicos relacionados con la supervivencia tras haber recibido tratamiento por un cáncer durante la infancia. La propuesta de un seguimiento «desfasado» del tiempo oncológico favorecería la elaboración a posteriori y el trabajo narrativo en torno a la experiencia pasada. La consulta psicológica es una oportunidad para acompañar la (re)actualización de la incidencia subjetiva de la enfermedad grave durante la infancia, que no siempre es expresable ni visible. |
| 700 10 - ADDED ENTRY--PERSONAL NAME | |
| Personal name | Fasse, Léonor |
| Relator term | author |
| 700 10 - ADDED ENTRY--PERSONAL NAME | |
| Personal name | Dauchy, Sarah |
| Relator term | author |
| 786 0# - DATA SOURCE ENTRY | |
| Note | Corps & Psychisme | 86 | 1 | 2026-01-26 | p. 167-180 |
| 856 41 - ELECTRONIC LOCATION AND ACCESS | |
| Uniform Resource Identifier | <a href="https://shs.cairn.info/revista-corps-psychisme-2025-1-page-167?lang=es&redirect-ssocas=7080">https://shs.cairn.info/revista-corps-psychisme-2025-1-page-167?lang=es&redirect-ssocas=7080</a> |
Pas d'exemplaire disponible.




Réseaux sociaux